000
00310nam a22001337a 4500
008
171102b xxu||||| |||| 00| 0 eng d
020
_a
9780805365061
041
_a
eng
080
_2
3 ED
_a
339.138
100
_a
60
101
_a
MAR
245
_a
TOTAK FITNNESS AND WELLNESS
_c
SCOTT.K.P
942
_2
udc
_c
BK
999
_c
37415
_d
37415